Quiz o Botswanie - Statystyki

Ogólne statystyki
  • Ten quiz został rozwiązany 1 996 razy
    340 od ostatniego zresetowania
  • Średni wynik to 12 z 17
Statystyki odpowiedzi
Wskazówka Odpowiedź % Poprawnych
Angielski
96%
RPA
94%
Państwa graniczące Namibia
92%
Państwo, od którego Botswana uzyskała niepodległość w 1966 roku Wielka Brytania
92%
Zimbabwe
92%
Zambia
91%
Około 22% dorosłych ma tego wirusa HIV
88%
Botswana ma więcej tych dużych zwierząt żyjących na wolności niż jakiekolwiek inne państwo Słonie
80%
Minerał, który stanowi 62% eksportu Botswany Diamenty
77%
Stolica Botswany Gaborone
76%
Około połowa terytorium Botswany leży na tej pustyni Kalahari
70%
Rzeka Okawango jest interesująca, ponieważ ma ____, ale nie dociera do morza Deltę
54%
Języki urzędowe Tswana
40%
Rdzenne języki Khoisan są niezwykłe, ponieważ często używają tych dźwięków Mlaski
34%
Rzeka płynąca wzdłuż południowej granicy Botswany, zanim wpadnie do Oceanu Indyjskiego Limpopo
33%
Dawna nazwa Botswany z czasów kolonizacji Beczuana
27%
Waluta Botswany Pula
27%
Nie znaleziono quizów pasujących do podanych kryteriów
Rozkład punktacji
Procent ludzi z każdym wynikiem
Percentyl według liczby udzielonych odpowiedzi
Twoja historia wyników
Nie rozwiązałeś tego quizu od ostatniego zresetowania